| 000 | 00338 a2200133 4500 | ||
|---|---|---|---|
| 001 | 89189 | ||
| 082 | _a954.91046092 SUL | ||
| 090 |
_c42139 _d42139 |
||
| 100 | _aSuleri, Sara | ||
| 245 |
_aMeatless days _cSara Suleri |
||
| 260 |
_aLahore _bILQA Publications _c2014 |
||
| 300 |
_a186 p. _bPb |
||
| 740 | _aexcellent things in women | ||
| 942 |
_aCAE NUST _k954.91046092 SUL |
||
| 999 |
_c324262 _d324262 |
||